[Event "Open B Gorges"]
[Site "?"]
[Date "2019.07.07"]
[Round "5"]
[White "DERUYTER, Alain"]
[Black "FRANCK, Etienne"]
[Result "1-0"]
[WhiteElo "1343"]
[BlackElo "1392"]
[PlyCount "69"]

1. e4 Nc6 2. Nf3 e5 3. Nc3 Nf6 4. Bc4 Be7 5. O-O O-O 6. Re1 d6 7. d4 exd4 8.
Nxd4 Ne5 9. Bb3 Bg4 10. f3 Bh5 11. Bf4 c5 12. Bxe5 dxe5 13. Nf5 Bg6 14. Ne3 Qd4
15. Qe2 Rfd8 16. Rad1 Qb4 17. Ned5 Nxd5 18. Nxd5 Rxd5 19. Rxd5 b5 20. a3 Qa5
21. Red1 Qb6 22. c4 h6 23. Rxe5 Bf6 24. Red5 Bd4+ 25. Kh1 b4 26. a4 Kh8 27. e5
Bf5 28. Rd6 Qc7 29. Bc2 Bxc2 30. Qxc2 Re8 31. f4 Qe7 32. b3 f6 33. Qe4 fxe5 34.
fxe5 Qxd6 35. exd6 1-0